Harry Potter A-Z - Statistics

General Stats
  • This quiz has been taken 31 times
  • The average score is 20 of 26
Answer Stats
Letter Clue Answer % Correct
A Dumbledore's first name Albus
100%
B Harry's godfather (surname only) Black
96%
H School where Harry and Malfoy goes Hogwarts
92%
P Harry, Lily, James etc. Potter
92%
J Harry's father's name (first name only) James
88%
N Harry's first broomstick: _____ 2000 Nimbus
88%
Q Popular wizarding sport Quidditch
88%
W Ginny, Ron, Fred, George etc. Weasley
88%
G Wizard's bank Gringott's
84%
K Bulgarian Seeker Krum
84%
U Dolores _______ Umbridge
84%
I __________ Cloak Invisibility
80%
L 4th year Ravenclaw Luna Lovegood
80%
M _______ Myrtle Moaning
76%
O Shop where Harry got his wand Ollivanders
76%
S Decides what house you get put in: ____ ___ Sorting Hat
76%
E Disarming Charm Expelliarmus
72%
R The Room of ________ Requirement
68%
V Type of Cabinet Draco used Vanishing
68%
D Where Hogwarts students get supplies Diagon Alley
64%
F Best broomstick ever Firebolt
60%
C One of the Unforgivable curse: ______ _____ Cruciatus Curse
56%
T Divintation teacher (Surname only) Trelawney
56%
Y Triwizard Tournament formal dance Yule Ball
56%
X The editor of the Quibbler Xenophilius
52%
Z Hogsmeade's joke shop Zonko's
52%
No matching quizzes found
Score Distribution
Percent of People with Each Score
Percentile by Number Answered
Your Score History
You have not taken this quiz